Perfil de la iglesia evangélica en la sociedad / (Record no. 21918)
[ view plain ]
| 000 -CABECERA | |
|---|---|
| campo de control de longitud fija | 00656nam a2200193 a 4500 |
| 001 - NÚMERO DE CONTROL | |
| campo de control | 000022420 |
| 005 - FECHA Y HORA DE LA ÚLTIMA TRANSACCIÓN | |
| campo de control | 20200930011725.0 |
| 008 - DATOS DE LONGITUD FIJA--INFORMACIÓN GENERAL | |
| campo de control de longitud fija | 101011s2009 dr 001 0 spa d |
| 020 ## - NÚMERO INTERNACIONAL ESTÁNDAR DEL LIBRO | |
| Número Internacional Estándar del Libro | 9789993497080 |
| 040 ## - FUENTE DE LA CATALOGACIÓN | |
| Centro catalogador/agencia de origen | DO-SdBNP |
| Lengua de catalogación | spa |
| Centro/agencia transcriptor | BNPHU |
| 049 ## - FONDOS LOCALES (OCLC) | |
| Fondos de biblioteca | BNPD |
| 100 1# - ENTRADA PRINCIPAL--NOMBRE DE PERSONA | |
| Nombre de persona | Santana, Manuel |
| 9 (RLIN) | 1606 |
| 245 10 - MENCIÓN DE TÍTULO | |
| Título | Perfil de la iglesia evangélica en la sociedad / |
| Mención de responsabilidad, etc. | Manuel Santana ; prólogo Manuel Rivera. |
| 260 ## - PUBLICACIÓN, DISTRIBUCIÓN, ETC. | |
| Lugar de publicación, distribución, etc. | Santo Domingo : |
| Nombre del editor, distribuidor, etc. | Artes Antillanas, |
| Fecha de publicación, distribución, etc. | 2009. |
| 300 ## - DESCRIPCIÓN FÍSICA | |
| Extensión | 143 p. ; |
| Dimensiones | 22 cm. |
| 500 ## - NOTA GENERAL | |
| Nota general | Incluye referencias bibliográficas y notas al pie de las páginas |
| 504 ## - NOTA DE BIBLIOGRAFÍA, ETC. | |
| Nota de bibliografía, etc. | Bibliografía : p. 141-142 |
| 700 1# - PUNTO DE ACCESO ADICIONAL--NOMBRE DE PERSONA | |
| Nombre de persona | Rivera, Manuel |
| Término indicativo de función/relación | pról. |
| 9 (RLIN) | 46220 |
| Estado de retiro | Estado de pérdida | Restricciones de uso | No para préstamo | Código de colección | Localización permanente | Ubicación/localización actual | Ubicación en estantería | Fecha de adquisición | Número de inventario | Total de préstamos | Signatura topográfica completa | Código de barras | Fecha visto por última vez | Número de copia | Precio válido a partir de | Tipo de ítem Koha |
|---|---|---|---|---|---|---|---|---|---|---|---|---|---|---|---|---|
| Dominicana de Servicio | General | General | En catalogación | 11.10.2010 | LF1 | 22420-30 | 25.06.2020 | e. 3 | 25.06.2020 | Libro y Folleto Colección Dominicana de Servicio | ||||||
| Excluido de préstamo | Patrimonio Dominicano | Patrimonio Dominicano | Patrimonio Dominicano | En catalogación | 11.10.2010 | LF1 | 22420-10 | 25.06.2020 | e. 2 | 25.06.2020 | Libro y Folleto Colección Patrimonio Dominicano | |||||
| Excluido de préstamo | Patrimonio Dominicano | Patrimonio Dominicano | Patrimonio Dominicano | En catalogación | 11.10.2010 | LF1 | 22420-20 | 25.06.2020 | 25.06.2020 | Libro y Folleto Colección Patrimonio Dominicano |
